WEC - Top 10 des pilotes par victoires - Statistiques

Statistiques générales
  • Ce quiz a été pris 50 fois
  • Le résultat moyen est 4 sur 10
Statistiques - réponses
Nombre de victoires Pilote % Correct
14 Kamui Kobayashi
68%
24 Sébastien Buemi
68%
10 André Lotterer
38%
18 Brendon Hartley
38%
7 Fernando Alonso
38%
9 Loïc Duval
35%
16 Mike Conway
35%
12 José María López
25%
8 Timo Bernhard
10%
3 Marc Lieb
3%
Aucun quiz correspondant
Distribution des résultats
% des personnes avec chaque résultat
Percentile par nombre de réponses
Votre historique - résultats
Vous n’avez pas pris ce quiz